| 000 | 00743nam a2200217 a 4500 | ||
|---|---|---|---|
| 001 | 000012455 | ||
| 005 | 20200929163027.0 | ||
| 008 | 091112s1975 ec 001 f spa d | ||
| 040 |
_aDO-SdBNP _bspa _cBNPHU |
||
| 082 |
_aE863.44 _bG166c, 1975 |
||
| 100 | 1 |
_aGallegos Lara, Joaquín, _d1909-1947. _929182 |
|
| 245 | 1 | 4 |
_aLas cruces sobre el agua / _cJoaquín Gallegos Lara. |
| 250 | _a2a ed. | ||
| 260 |
_aQuito : _bCasa de la Cultura Ecuatoriana, _c1975. |
||
| 300 |
_a323, [3] p. ; _c15 cm. |
||
| 490 | 1 |
_aColección Básica de Escritores Ecuatorianos _v4 |
|
| 650 | 4 |
_aNovela ecuatoriana _95017 |
|
| 650 | 4 |
_aLiteratura ecuatoriana _ySIGLO XX _914420 |
|
| 830 | 0 |
_aColección Básica de Escritores Ecuatorianos ; _v4 _929183 |
|
| 049 | _aBNGR | ||
| 999 |
_c12112 _d12112 |
||